000 00293nam a22001337a 4500
008 170727b xxu||||| |||| 00| 0 eng d
020 _a2901890774386
041 _aeng
080 _a004
100 _a31
101 _aSHK
245 _aMURACH'S VISUAL BASIC 2005
_cBOEHM,A
942 _2udc
_cBK
999 _c21985
_d21985